| 000 | 00505nam a2200169 i 4500 | ||
|---|---|---|---|
| 001 | 21063 | ||
| 003 | ES-MaACL | ||
| 005 | 20230906152418.0 | ||
| 007 | t| | ||
| 008 | 021121s1967 sp ||||1| spa d | ||
| 100 | 1 |
_aAgazzi, Evandro. _918538 |
|
| 245 | 1 | 3 |
_aLa lógica simbólica / _cEvandro Agazzi ; traducción y prólogo de J. Pérez Ballestar. |
| 260 |
_aBarcelona : _bHerder, _c1967. |
||
| 300 |
_a355 p. ; _c22 cm. |
||
| 700 | 1 |
_aPérez Ballestar, J. _990651 |
|
| 852 |
_aES-MaACL _jC-31779 _bR.62086 |
||
| 999 |
_c21063 _d21063 |
||